Southville International School and Colleges
Your cart is empty.
  • Cart
  • Lists
    Public lists Eva Luna New books Lux_list list_1
    Your lists Log in to create your own lists
  • Log in to your account
  • Your cookies
  • Search history
Southville International School and Colleges
  • Advanced search
  • Recent comments
  • Most popular
  • Libraries

Log in to your account

Log in with GOOGLE


If you do not have an external account, but do have a local account, you can still log in:

  1. Home
  2. MARC view: The truck book /
Normal view MARC view ISBD view

The truck book / (Record no. 102195)

[ view plain ]
MARC details
000 -LEADER
fixed length control field 00460nam a2200169 a 4500
005 - DATE AND TIME OF LATEST TRANSACTION
control field 20140412111232.0
008 - FIXED-LENGTH DATA ELEMENTS--GENERAL INFORMATION
fixed length control field 010523s19uu xx 00 eng d
020 ## - INTERNATIONAL STANDARD BOOK NUMBER
International Standard Book Number 0-307-12299-9
050 ## - LIBRARY OF CONGRESS CALL NUMBER
Classification number ER
Item number Tr67 1984
100 ## - MAIN ENTRY--PERSONAL NAME
Personal name DiFiori, Lawrence
245 ## - TITLE STATEMENT
Title The truck book /
Statement of responsibility, etc by Lawrence Difiori.
260 ## - PUBLICATION, DISTRIBUTION, ETC. (IMPRINT)
Place of publication, distribution, etc New York :
Name of publisher, distributor, etc A Golden Book,
Date of publication, distribution, etc 1984.
300 ## - PHYSICAL DESCRIPTION
Extent 1v. (unp.) ; ill.
440 ## - SERIES STATEMENT/ADDED ENTRY--TITLE
Title A Golden Sturdy Shape Book
650 ## - SUBJECT ADDED ENTRY--TOPICAL TERM
Topical term or geographic name as entry element Trucks
Holdings
Withdrawn status Lost status Damaged status Use restrictions Home library Current library Shelving location Date acquired Source of acquisition Total Checkouts Full call number Barcode Date last seen Price effective from Koha item type
        Elizalde Library Elizalde Library Easy Reading Section 05/23/2001     ER Tr67 1984 E0749 04/12/2014 04/12/2014 Books

The truck book /

APA

DiFiori L., . (1984). The truck book. New York: A Golden Book.

Chicago

DiFiori Lawrence, . 1984. The truck book. New York: A Golden Book.

Harvard

DiFiori L., . (1984). The truck book. New York: A Golden Book.

MLA

DiFiori Lawrence, . The truck book. New York: A Golden Book. 1984.

  • Place hold
  • Print
  • Cite
  • Add to your cart (remove)
  • Save record
    BIBTEX Dublin Core MARCXML MARC (non-Unicode/MARC-8) MARC (Unicode/UTF-8) MARC (Unicode/UTF-8, Standard) MODS (XML) RIS
  • More searches
    Search for this title in:
    Other Libraries (WorldCat) Other Databases (Google Scholar) Online Stores (Bookfinder.com) Open Library (openlibrary.org)

Exporting to Dublin Core...

SOUTHVILLE LIBRARY

Southville International School and Colleges Library

1281 Tropical Ave. Cor. Luxembourg St., BF Homes International, Las Pinas City

Tel. No. 8256374 / 252358 Loc. 117/146

Powered by Koha